| 000 -LEADER |
| fixed length control field |
00361nam a22000977a 4500 |
| 008 - FIXED-LENGTH DATA ELEMENTS--GENERAL INFORMATION |
| fixed length control field |
150914b xxu||||| |||| 00| 0 eng d |
| 100 ## - MAIN ENTRY--AUTHOR'S NAME |
| Author's Name |
Sollors, Kuno |
| 245 ## - TITLE STATEMENT |
| Title |
Archivierung - Katalogierung Deutscher Nichtpostalischer Marken |
| Remainder of title |
Abschnitt: Flugwesen |
| 260 ## - PUBLICATION, DISTRIBUTION, ETC. (IMPRINT) |
| Place of publication, distribution, etc. |
Coburg, Germany |
| Name of publisher, distributor, etc. |
H.H. Welder |
| Date of publication, distribution, etc. |
1971 |
| 500 ## - GENERAL NOTE |
| Materials specified |
Catalog of German non-postal stamps - "Flight-related" |